Riconosci il Pokémon - Quiz n°834 - Statistics

Statistiche generali
  • Questo quiz è stato fatto 15 volte
  • Il punteggio medio è 8 su 10
Statistiche sulle risposte
Indizio Riposta % Corretto
Tipo Folletto / Volante
100%
Generazione Seconda
100%
Abilità Tuttafretta; Leggiadro; Supersorte
85%
Stadio evoluzione Prima evoluzione
77%
Altezza 0,6 m
69%
Peso 3,2 kg
69%
Tasso di cattura 75 (17.5%)
69%
Sesso 87.5% ♂, 12.5% ♀
69%
Tasso di allevamento Veloce
69%
Pokémon Togetic
62%
Nessun quiz corrispondente trovato
Distribuzione punteggi
Percentuale di utenti per punteggio
Percentile per numero di risposta
I tuoi punteggi nel tempo
Non hai fatto questo quiz